000 00626nam a22001697a 4500
003 OSt
005 20140310182135.0
008 130828t xxu||||| |||| 00| 0 eng d
050 _aQA 273
_b.In61P2 2010
110 _aInternational Baccalaureate Organization
_9203
245 _a2010 practice examination for use with the IB diploma programme :
_bMathematics HL paper 2 and solution /
_cInternational Baccalaureate Organization
260 _a[S.I.] :
_bInternational Baccalaureate Organization,
_cc2010.
300 _bill. :
_c30 cm.
650 _aExamination paper
_xMathematics
_xSolution
_914914
942 _2lcc
999 _c9751
_d9751